The Economic Ascent of the Hotel Business / Second Edition (Record no. 3130)
[ view plain ]
| 000 -LEADER | |
|---|---|
| fixed length control field | 01330cam a22002054a 4500 |
| 005 - ΗΜΕΡΟΜΗΝΙΑ ΚΑΙ ΩΡΑ ΤΕΛΕΥΤΑΙΑΣ ΕΝΗΜΕΡΩΣΗΣ | |
| Πεδίο ελέγχου | 20250605164106.0 |
| 008 - FIXED-LENGTH DATA ELEMENTS--GENERAL INFORMATION | |
| Πεδίο ελέγχου σταθερού μήκους | 250528s ||||||||||||||||||||||||d |
| 035 ## - SYSTEM CONTROL NUMBER | |
| System control number | 17729 |
| 020 ## - ISBN | |
| ISBN | 9781906884673 |
| 040 ## - ΠΗΓΗ ΚΑΤΑΛΟΓΟΓΡΑΦΗΣΗΣ | |
| Φορέας πρωτότυπης καταλογογράφησης | MC Athens Campus Library |
| Γλώσσα καταλογογράφησης | Ελληνικά, Μοντέρνα (1453-) |
| Modifying agency | MC Athens Campus Library |
| Κανόνες περιγραφικής καταλογογράφησης | AACR2 |
| 245 1# - ΤΙΤΛΟΣ ΚΑΙ ΔΗΛΩΣΗ ΥΠΕΥΘΥΝΟΤΗΤΑΣ | |
| Τίτλος | The Economic Ascent of the Hotel Business / Second Edition |
| 250 ## - EDITION STATEMENT | |
| Edition statement | 2nd |
| 260 ## - PUBLICATION, DISTRIBUTION, ETC. | |
| Name of publisher, distributor, etc. | Goodfellow Publishing, |
| Date of publication, distribution, etc. | 2012 |
| 300 ## - PHYSICAL DESCRIPTION | |
| Extent | 272 |
| 520 ## - SUMMARY, ETC. | |
| Summary, etc. | This book is about the hotel business and the economic contexts in which it has evolved. Preface, Acknowledgements, Economic Structure, Historic Agricultural Economies and the Hotel Business to 1750, The Industrial Revolution and the Hotel Business: 1750-1900, Economic Developments and the Hotel Business: 1850-1900, Critical Events and the Hotel Business: 1900-1945, The US Economic Structure and Hotel Business: 1945-1960, European Economic Structures and Hotel Businesses: 1945-1960, The US Economic Structure and Hotel Business: 1960-1980, The European Economies and Hotel Businesses: 1960-1980, The US Hotel Business: 1980-2010, The British Hotel Business: 1980-2010, Continental European Hotel Businesses: 1980-2008, The Economic Ascent of the Hotel Business: Options to 2020, Bibliography, Websites, Index. |
| 700 1# - ΠΡΟΣΘΕΤΗ ΑΝΑΓΡΑΦΗ--ΦΥΣΙΚΟ ΠΡΟΣΩΠΟ | |
| Personal name | Slattery Paul |
| 9 (RLIN) | 3922 |
| 942 ## - ADDED ENTRY ELEMENTS (KOHA) | |
| Koha item type | Books |
| Τύπος τεκμηρίου | Βιβλιοθήκη | Τρέχουσα τοποθεσία | Barcode | Αριθμός εισαγωγής | Ημερομηνία απόκτησης | Ταξιθετικό σύμβολο | Αριθμός αντιτύπου | Κατάσταση απόσυρσης | Κατάσταση χαμένου | Κατάσταση κατεστραμμένου | Μη δανεισμός | Σύνολο δανεισμών | Ημερομηνία τελευταίας εμφάνισης | Η τιμή ισχύει από |
|---|---|---|---|---|---|---|---|---|---|---|---|---|---|---|
| Books | MC Athens Campus Library | MC Athens Campus Library | 9780000031297 | 6171 | 05/06/2025 | 338.4791 SLA | 1 | 05/06/2025 | 05/06/2025 |